000 00342nam a22000857a 4500
008 221212b ||||| |||| 00| 0 eng d
100 _aUnknown
245 _aNew York City Postal History
650 _aNew York City | Postal History | Stampless | First US Adhesive | Cancellations | Ocean Mail | Supplemental Markings | Special Services | Foreign Mails
999 _c3456
_d3456